000 00885nam a2200277 i 4500
001 32302
003 BD-RjUL
005 20211209051820.0
008 140424r19691949enk b 001 0 eng d
020 _a0090445724 (paper)
020 _a0090445716 (cased)
035 _a(BD-RjUL)32391
040 _aLC
_beng
_cLC
_dBD-RjUL
041 _aeng
082 0 4 _a121
_bWOT 1969
100 1 _aWoozley, A. D.
_q(Anthony Douglas)
_988206
245 1 0 _aTheory of knowledge :
_ban introduction /
_cA.D. Woozley.
260 _aLondon :
_bHutchinson University Library,
_cc1949 [reprinted 1969].
300 _a192 p. ;
_c21 cm.
490 1 _aHutchinson University Library. Philosophy ;
_v33.
504 _aIncludes bibliographical references and index.
650 0 _aKnowledge, Theory of.
_998268
830 0 _v33.
_998275
830 0 _aHutchinson University Library.
_998276
942 _2ddc
_cBK
999 _c32302
_d32302